Management procesů průvodce manažera kvality
Salvato in:
| Autore principale: | |
|---|---|
| Altri autori: | |
| Natura: | Libro |
| Lingua: | ceco |
| Pubblicazione: |
Praha
Verlag Dashöfer
2009
|
| Edizione: | 10. aktualizace |
| Soggetti: | |
| Tags: |
Nessun Tag, puoi essere il primo ad aggiungerne!!
|
MARC
| LEADER | 00000nam$a2200000$$$4500 | ||
|---|---|---|---|
| 001 | 0098515 | ||
| 005 | 20221213134004.0 | ||
| 022 | |a 1802-1697 | ||
| 041 | 0 | |a cze | |
| 044 | |a CZ | ||
| 245 | 1 | 0 | |a Management procesů |b průvodce manažera kvality |c Alois Fiala, Monika Becková a kolektiv |
| 250 | |a 10. aktualizace | ||
| 264 | 1 | |a Praha |b Verlag Dashöfer |c 2009 | |
| 300 | |a [500] s. | ||
| 610 | 2 | 0 | |a riadenie procesné |
| 610 | 2 | 0 | |a riadenie kvality |
| 610 | 2 | 0 | |a riadenie projektové |
| 610 | 2 | 0 | |a údržba |
| 610 | 2 | 0 | |a výkonnosť |
| 610 | 2 | 0 | |a ochrana prostredia životného |
| 610 | 2 | 0 | |a havárie |
| 610 | 2 | 0 | |a certifikácia |
| 610 | 2 | 0 | |a manažment |
| 100 | 1 | |a Fiala, Alois | |
| 700 | 1 | |a Becková, Monika | |